Quiz o narodowościach piłkarzy #7 - Statystyki

Ogólne statystyki
  • Ten quiz został rozwiązany 319 razy
  • Średni wynik to 11 z 15
Statystyki odpowiedzi
Zagadnienie Odpowiedź % Poprawnych
Który kraj na arenie międzynarodowej reprezentuje Erling Haaland? Norwegia
98%
Który kraj na arenie międzynarodowej reprezentuje Rúben Dias? Portugalia
98%
Który kraj na arenie międzynarodowej reprezentuje Dejan Kulusevski? Szwecja
91%
Który kraj na arenie międzynarodowej reprezentuje Jérémy Doku? Belgia
90%
Który kraj na arenie międzynarodowej reprezentuje Gabriel Martinelli? Brazylia
89%
Który kraj na arenie międzynarodowej reprezentuje Jorginho? Włochy
88%
Który kraj na arenie międzynarodowej reprezentuje Georgios Samaras? Grecja
83%
Który kraj na arenie międzynarodowej reprezentuje Joe Hart? Anglia
80%
Który kraj na arenie międzynarodowej reprezentuje Ragnar Sigurðsson? Islandia
78%
Który kraj na arenie międzynarodowej reprezentuje Vadis Odjidja-Ofoe? Belgia
70%
Który kraj na arenie międzynarodowej reprezentuje Vincent Aboubakar? Kamerun
63%
Który kraj na arenie międzynarodowej reprezentuje Semir Štilić? Bośnia i Hercegowina
56%
Który kraj na arenie międzynarodowej reprezentuje Artjoms Rudnevs? Łotwa
54%
Który kraj na arenie międzynarodowej reprezentuje Steven Pienaar? RPA
39%
Który kraj na arenie międzynarodowej reprezentuje Emmanuel Adebayor? Togo
36%
Nie znaleziono quizów pasujących do podanych kryteriów
Rozkład punktacji
Procent ludzi z każdym wynikiem
Percentyl według liczby udzielonych odpowiedzi
Twoja historia wyników
Nie rozwiązałeś tego quizu